000 00468nam a22001817a 4500
005 20251108172601.0
008 250721s9999 xx 000 0 eng d
082 1 4 _a792.8028NIE
100 1 _aNieuwkerk, Karink Van
245 1 0 _aAtrade Like Any Other:Female Singers and Dancers in Egypt /
264 1 _aCairo :
_bThe American University,
300 _a221p
650 1 7 _aSingers
650 1 7 _aDancers
650 1 7 _aEgypt
942 _2ddc
_cBK
999 _c83191
_d83191